000
00287nam a22001217a 4500
999
_c
534343
_d
534343
040
_c
MSOHAIL
082
_2
297.124
100
_a
Dr. Hameed Ullah
_9
28481
245
_a
Duniya ka Kadeem Tareen Majmua Hadees
260
_a
Lahore
_b
Beacon Box
_c
c2007
300
_a
288;p
942
_2
ddc
_c
BK